| 000 | 00952nam a2200265 a 4500 | ||
|---|---|---|---|
| 001 | b900134856177 | ||
| 003 | UkLCURL | ||
| 005 | 20220304143015.0 | ||
| 008 | 060613s2006 enka b 001 0 eng | ||
| 015 | _abA652408 | ||
| 020 | _a9780199285457 (hbk.) | ||
| 020 | _a0199285454 (hbk.) : | ||
| 245 | 1 | 4 |
_aThe collected works of Gerard Manley Hopkins. _h[electronic resource] : _nVol. 4, _pOxford essays and notes, 1863-1868 / _cedited by Lesley Higgins. |
| 246 | 3 | _aOxford essays and notes, 1863-1868. | |
| 260 |
_aOxford : _bOxford University Press, _cc2006. |
||
| 300 |
_a1 online resource (368 p.) : _bill. ; _c22 cm. |
||
| 336 | _atext | ||
| 337 | _acomputer | ||
| 338 | _aonline resource | ||
| 504 | _aIncludes bibliographical references and index. | ||
| 655 | 4 | _aElectronic books | |
| 700 | 1 | _aHopkins, Gerard Manley, | |
| 856 | _uhttps://drive.google.com/file/d/1vLOUF7UZZS4tYezGNQg9qLsu1hHToNW_/view?usp=sharing | ||
| 942 |
_2lcc _cEBK |
||
| 999 |
_c50888 _d50888 |
||